Seven Sisters Colleges Quiz Stats

 Plays Quiz Updated Feb 7, 2020

Support Sporcle.
Go Orange.
Score 0/7 Timer 02:00
1 Play Today
Location College % Correct
Northampton, MassachusettsSmith College
61.6%
Poughkeepsie, New York**Vassar College
60.8%
[Name of college], MassachusettsWellesley College
54.1%
Manhattan, New YorkBarnard College
52.1%
[Name of college], PennsylvaniaBryn Mawr College
51.3%
South Hadley, MassachusettsMount Holyoke College
45.4%
Cambridge, Massachusetts*Radcliffe College
41.6%

From the Vault

QUICK! Click the 'A' Things!

by MSUKent

It shouldn't be too hard to at least click on a few things.
Remove Ads.
Support Sporcle.
Get the best of Sporcle when you Go Orange. This ad-free experience offers more features, more stats, and more fun while also helping to support Sporcle. Thank you for becoming a member.

Show Comments

Extras

Top Quizzes Today


Score Distribution

Your Account Isn't Verified!

In order to create a playlist on Sporcle, you need to verify the email address you used during registration. Go to your Sporcle Settings to finish the process.

Report this User

Report this user for behavior that violates our Community Guidelines.

Details: